[Event "Mitropa Cup 21st"]
[Site "Leipzig"]
[Date "2002.05.06"]
[Round "4.4"]
[White "Grosar, Aljosa"]
[Black "Pilaj, Herwig"]
[Result "1-0"]
[WhiteElo "2470"]
[BlackElo "2310"]
[PlyCount "87"]
[EventDate "2002.05.03"]
[EventType "team-tourn"]
[EventRounds "9"]
[EventCountry "GER"]
[Source "ChessBase"]
[SourceDate "2002.08.12"]
[WhiteTeam "Slovenia"]
[BlackTeam "Austria"]
[WhiteTeamCountry "SLO"]
[BlackTeamCountry "AUT"]

1. e4 c5 2. Nf3 e6 3. c3 d5 4. exd5 exd5 5. d4 Nc6 6. Bb5 Bd6 7. dxc5 Bxc5 8.
O-O Nge7 9. Nbd2 O-O 10. Nb3 Bd6 11. Bd3 h6 12. h3 Bf5 13. Re1 Be4 14. Nbd4
Bxd3 15. Qxd3 Qd7 16. Be3 Rad8 17. Rad1 Rfe8 18. Re2 Nxd4 19. Nxd4 Ng6 20. Nf3
Re4 21. Red2 Qe7 22. Qf1 Ne5 23. Nxe5 Qxe5 24. g3 Rxe3 25. fxe3 Qxg3+ 26. Qg2
Qxe3+ 27. Kh1 Re8 28. Rxd5 Bc7 29. Rg1 g6 30. Rf1 Re4 31. Qf3 f5 32. Rd7 Bb6
33. Qxe3 Rxe3 34. Kg2 Re2+ 35. Kf3 Re3+ 36. Kf4 Re4+ 37. Kg3 Re3+ 38. Rf3 Re2
39. Rxb7 Rxb2 40. Rd7 Rxa2 41. Rfd3 h5 42. R7d6 h4+ 43. Kf4 Rg2 44. Rc6 1-0

[Event "Mitropa Cup 21st"]
[Site "Leipzig"]
[Date "2002.05.06"]
[Round "4.3"]
[White "Brumen, Dinko"]
[Black "Forster, Richard"]
[Result "1/2-1/2"]
[WhiteElo "2408"]
[BlackElo "2459"]
[PlyCount "94"]
[EventDate "2002.05.03"]
[EventType "team-tourn"]
[EventRounds "9"]
[EventCountry "GER"]
[Source "ChessBase"]
[SourceDate "2002.08.12"]
[WhiteTeam "Croatia"]
[BlackTeam "Switzerland"]
[WhiteTeamCountry "CRO"]
[BlackTeamCountry "SUI"]

1. d4 Nf6 2. Nf3 g6 3. c4 Bg7 4. g3 O-O 5. Bg2 d6 6. O-O Bd7 7. Nc3 Nc6 8. e4
Bg4 9. h3 Bxf3 10. Bxf3 e5 11. d5 Nd4 12. Bg2 c5 13. dxc6 bxc6 14. Be3 Nd7 15.
b4 a5 16. b5 cxb5 17. Nxb5 Qb6 18. Rb1 Qc5 19. Qd3 Rac8 20. Rfc1 Rfe8 21. Bf1
Nb8 22. Nxd4 exd4 23. Bf4 Nd7 24. Rb5 Qc6 25. Rxa5 Nc5 26. Qa3 Ra8 27. f3 Rxa5
28. Qxa5 Rb8 29. Rd1 Be5 30. Qd2 Qa4 31. Re1 Qa3 32. Bxe5 dxe5 33. Qg5 Nd7 34.
c5 Qxc5 35. Rc1 Qa3 36. Rc7 Qd6 37. Rc1 d3 38. Qe3 d2 39. Rd1 Rb2 40. Bc4 Qb4
41. Qd3 Qb6+ 42. Kf1 Nc5 43. Qd5 Ne6 44. Rxd2 Rb1+ 45. Rd1 Rb2 46. Rd2 Rb1+ 47.
Rd1 Rb2 1/2-1/2

[Event "Mitropa Cup 21st"]
[Site "Leipzig"]
[Date "2002.05.06"]
[Round "4.4"]
[White "Moor, Olivier"]
[Black "Brkic, Ante"]
[Result "1/2-1/2"]
[WhiteElo "2346"]
[BlackElo "2306"]
[PlyCount "75"]
[EventDate "2002.05.03"]
[EventType "team-tourn"]
[EventRounds "9"]
[EventCountry "GER"]
[Source "ChessBase"]
[SourceDate "2002.08.12"]
[WhiteTeam "Switzerland"]
[BlackTeam "Croatia"]
[WhiteTeamCountry "SUI"]
[BlackTeamCountry "CRO"]

1. d4 Nf6 2. Nf3 e6 3. c4 Bb4+ 4. Nbd2 O-O 5. g3 d5 6. Bg2 b6 7. O-O Bb7 8. Ne5
Nbd7 9. Ndf3 Bd6 10. Bf4 Qe7 11. Qa4 c5 12. cxd5 Bxd5 13. Rfd1 cxd4 14. Nxd7
Nxd7 15. Bxd6 Qxd6 16. Qxd4 Qe7 17. e4 Bc6 18. Qd6 Qxd6 19. Rxd6 Rac8 20. Nd4
Nb8 21. Rd1 Rfd8 22. Nxc6 Rxd6 23. Rxd6 Nxc6 24. Bf1 Nb8 25. f4 Kf8 26. Rd2 Ke7
27. Kf2 Rc1 28. Bb5 Rc5 29. Be2 f6 30. Ke3 Nc6 31. Bg4 Rc1 32. Be2 Rc5 33. Bd1
e5 34. Bb3 Nd4 35. Bd5 Rc2 36. Rxc2 Nxc2+ 37. Kf3 Ne1+ 38. Ke2 1/2-1/2

[Event "Mitropa Cup 21st"]
[Site "Leipzig"]
[Date "2002.05.06"]
[Round "4.2"]
[White "Gross, David"]
[Black "Sarno, Spartaco"]
[Result "1-0"]
[WhiteElo "2472"]
[BlackElo "2399"]
[Annotator "Avrukh,B"]
[PlyCount "61"]
[EventDate "2002.05.03"]
[EventType "team-tourn"]
[EventRounds "9"]
[EventCountry "GER"]
[Source "ChessBase"]
[SourceDate "2002.08.12"]
[WhiteTeam "Czech Republic"]
[BlackTeam "Italy"]
[WhiteTeamCountry "CZE"]
[BlackTeamCountry "ITA"]

1. e4 d6 2. d4 Nf6 3. Nc3 g6 4. f4 Bg7 5. Nf3 O-O 6. Bd3 Na6 7. O-O c5 8. d5
Bg4 9. Be2 {A rare line and in my opinion not dangerous for black. More
popular nowadays are 9.Bc4 and 9.Kh1.} Nc7 10. a4 a6 ({Not bad is also} 10...
b6 11. Qe1 Bxf3 12. Rxf3 $6 (12. Bxf3 $142) 12... e6 $1 $15 {0-1 Ciobanu,
C-Rogule,A/Halkidiki 2001/EXT 2002 (58)}) 11. h3 Bxf3 12. Bxf3 Nd7 {Black
defends against e4-e5, but in fact this advance wasn't so clear and quite
possible already was} (12... b5 {for example:} 13. e5 (13. axb5 $143 axb5 14.
Rxa8 Qxa8 15. e5 Nd7 16. e6 Nb6 {[%csl Rd5][%cal Gb5b4]}) 13... Nd7 14. e6 Nb6
{With a very unclear position where each side has his pluses.} (14... Nf6 $143
15. exf7+ Rxf7 16. Ne2 $14) {for example} 15. exf7+ Rxf7 16. a5 Nc4 $1 17. Qd3
{[%cal Gb2b3]} Ne8 {[%cal Gc4a5]} 18. Bg4 Bd4+ 19. Kh1 Ng7 $1 {[%csl Re6]}) 13.
Qd3 (13. a5 Nb5 14. Ne2 c4 (14... Nd4 $5 15. Nxd4 cxd4 $13) 15. c3 $140 Nc5 {
[%csl Rb3,Rd3]}) 13... Rb8 {A very unaccurate move after which black is
getting in trouble; there were two playable options for black:} (13... b5 $1
14. axb5 Nxb5 15. Ne2 (15. Nxb5 $140 c4 16. Qe2 axb5) 15... Qc7 $13 {[%cal
Gc5c4]} 16. c4 Nd4 17. Nxd4 cxd4 {[%cal Gd7c5]} 18. b4 a5 $1 {[%csl Rc5]}) ({
And solid} 13... b6 {[%cal Ga8b8,Gb6b5] with normal play for black}) 14. a5 $1
b5 15. axb6 Nxb6 {[%csl Ra6]} 16. Be3 $6 {This move gives black the
opportunity to get a nice counterplay.} (16. Ne2 $142 $1 e6 (16... c4 $2 17.
Qd1 e6 18. Nd4 $16 {[%cal Gd4c6]}) 17. c4 exd5 18. exd5 {[%csl Rc7] and white
is clearly better}) 16... Nc8 $2 (16... e6 $1 17. Ra2 {[%csl Gb2]} (17. dxe6
fxe6 18. Rfd1 Qe7 $1 {[%cal Gb8d8,Gd6d5] Probably this strong move was missed
by black (otherwise white is better)} 19. Qxd6 $140 $2 Qxd6 20. Rxd6 Nc4 {
[%cal Gc4d6,Gc4e3]} 21. Rc6 (21. Bxc5 $2 Nxd6 22. Bxd6 Rfc8 $17) 21... Nxe3 22.
Rxc7 Bd4 23. Kh1 Rxf4 24. Ne2 Rf7 $15) 17... exd5 18. exd5 (18. Nxd5 c4 $1 19.
Qd2 $140 (19. Qd1 Nbxd5 20. exd5 Rxb2 $17) 19... Nbxd5 20. exd5 Rxb2 21. Rxb2
c3 $17) 18... Re8 {[%cal Ge8e3]} 19. Bf2 Qd7 $11 20. Nd1 $140 $6 Qb5 $1) 17.
Na4 $2 (17. Ra2 $1) 17... Nb6 18. Nc3 Nc8 $2 (18... e6 $1) 19. Ra2 e6 (19...
Rb4 20. Ne2 $1 (20. e5 $6 Nb6 {[%cal Gb6c4]}) 20... Rxb2 $140 (20... Qd7 21. c3
Rb8 22. f5 $40) 21. Rxb2 Bxb2 22. c3 $18 {[%csl Rb2]}) 20. e5 $1 $16 {Very
strong break in the centre, white's bishops come into play and black cannot
hold on.} dxe5 (20... exd5 21. Nxd5 Re8 (21... Nxd5 22. Bxd5 Ne7 23. exd6 Nxd5
(23... Qxd6 24. Bxf7+ {[%cal Gd3d6]}) 24. Qxd5 $18) 22. Nxc7 Qxc7 23. Qxa6 $1 (
23. Bd5 Nb6 $1 (23... dxe5 24. fxe5 {[%csl Rf7]} Re7 25. Bg5 Rd7 26. e6 Bd4+
27. Kh1 Rxd5 28. exf7+ {and white wins}) 24. exd6 Qc8 {[%cal Ge8e3]} 25. Bf2 c4
26. Qf3 Nxd5 (26... Rd8 27. Rd1) 27. Qxd5 Rb5 28. Qd2 Rd8 29. Rd1 Qc6 $44)
23... dxe5 24. Qc6 Qxc6 25. Bxc6 Re7 26. Rd1 $16) (20... Re8 21. exd6 Qxd6 22.
Ne4 Qd8 23. d6 Nd5 24. Bxc5 Nxf4 25. Qxa6 $18) 21. Bxc5 exf4 22. d6 $1 {More
easy than} (22. Bxf8 Qxf8 23. dxe6 Nxe6 24. Qxa6 $16) 22... Nd5 (22... Nb5 23.
Rxa6 Nxc3 24. bxc3) 23. Nxd5 exd5 24. Bxd5 Be5 25. Rxa6 Rxb2 26. d7 $1 $18 Qxd7
(26... Ne7 27. Bb3 {Also absolutely hopeless for black}) 27. Rxg6+ $1 {Not so
difficult, but still nice tactics.} hxg6 (27... Kh8 28. Rh6) 28. Qxg6+ Kh8 29.
Qh6+ Kg8 30. Qxf8+ Kh7 31. Be4+ 1-0

[Event "Mitropa Cup 21st"]
[Site "Leipzig"]
[Date "2002.05.06"]
[Round "4.3"]
[White "Mantovani, Renzo"]
[Black "Cvek, Robert"]
[Result "1/2-1/2"]
[WhiteElo "2369"]
[BlackElo "2430"]
[PlyCount "94"]
[EventDate "2002.05.03"]
[EventType "team-tourn"]
[EventRounds "9"]
[EventCountry "GER"]
[Source "ChessBase"]
[SourceDate "2002.08.12"]
[WhiteTeam "Italy"]
[BlackTeam "Czech Republic"]
[WhiteTeamCountry "ITA"]
[BlackTeamCountry "CZE"]

1. d4 Nf6 2. Nf3 e6 3. Bf4 b6 4. e3 Bb7 5. c3 Be7 6. h3 d5 7. Nbd2 Nbd7 8. Bd3
c5 9. Qb1 h6 10. O-O O-O 11. b4 c4 12. Bc2 a5 13. a3 b5 14. Ne5 Qb6 15. Qb2
Nxe5 16. dxe5 Nd7 17. e4 Qc7 18. exd5 Bxd5 19. Rfe1 f5 20. Re2 g5 21. Bh2 Qb7
22. f3 Nb6 23. Nf1 axb4 24. axb4 Rxa1 25. Qxa1 Ra8 26. Qe1 Qa7 27. Bg3 Qa1 28.
Bf2 Qxe1 29. Rxe1 Bd8 30. Bd4 Ra3 31. Ne3 Bc6 32. Rd1 Bc7 33. Kf1 Na4 34. Bxa4
Rxa4 35. Ke2 Kf7 36. Rd2 Kg6 37. g4 Bb8 38. Nf1 h5 39. Ng3 h4 40. Nh5 fxg4 41.
hxg4 h3 42. Rd1 h2 43. Rh1 Ra2+ 44. Ke3 Rg2 45. Nf6 Rg3 46. Ne4 Rh3 47. Kf2
Bxe4 1/2-1/2

[Event "Mitropa Cup 21st"]
[Site "Leipzig"]
[Date "2002.05.06"]
[Round "4.4"]
[White "Rasik, Vitezslav"]
[Black "Isonzo, Davide"]
[Result "1-0"]
[WhiteElo "2424"]
[BlackElo "2360"]
[Annotator "Mueller,Karsten"]
[PlyCount "63"]
[EventDate "2002.05.03"]
[EventType "team-tourn"]
[EventRounds "9"]
[EventCountry "GER"]
[Source "ChessBase"]
[SourceDate "2002.08.12"]
[WhiteTeam "Czech Republic"]
[BlackTeam "Italy"]
[WhiteTeamCountry "CZE"]
[BlackTeamCountry "ITA"]

1. e4 e6 2. d4 d5 3. Nd2 Be7 4. Ngf3 Nf6 5. e5 Nfd7 6. c3 c5 7. Bd3 Nc6 8. O-O
a5 9. a4 cxd4 10. cxd4 Nb4 11. Bb1 b6 12. Re1 Ba6 13. Nf1 Rc8 14. Ra3 $1 ({Nach
} 14. Ng3 $6 Qc7 {ist es schwierig, Sc2 mit Antausch des Springers zu
verhindern, z.B.} 15. Bd2 (15. Ra3 Nc2 16. Rc3 Nxe1 17. Rxc7 Nxf3+ 18. Qxf3
Rxc7 $13) 15... Nc2 16. Bxc2 Qxc2 17. Qxc2 Rxc2 $11 {1/2-1/2 Zatonskih,
A-Aginian,N/Warsaw 2001/CBM 82 ext (35)}) 14... Rc6 $6 {nun ist nicht leicht,
den schwarzen König in Sicherheit zu bringen.} ({Der folgende Plan sieht
interessant aus:} 14... Nb8 $5 15. Ng3 h5 16. h3 Kd7 17. Nh2 g6 18. Rc3 N8c6
19. Ne2 Kc7 20. Nf4 Kb7 21. Be3 Qd7 22. Qf3 Na7 23. Qd1 Nac6 $14 {1/2-1/2
Bojkovic,N-Zatonskih,A/Batumi GEO 1999 (35).  (35)}) 15. Ne3 Qc7 16. Bd2 O-O (
16... Kd8 $5 {sieht zwar sehr gewagt aus, kam aber auch in Betracht, z.B.} 17.
Rc3 Rxc3 18. Bxc3 Qc6 19. Qb3 b5) 17. h4 Rc8 (17... f6 18. exf6 Rxf6 19. Ng4
$14) 18. Ng5 $5 $14 Bxg5 (18... h6 $2 19. Qh5 Rf8 20. Ng4 Bxg5 21. hxg5 Nc2 22.
Bxc2 Rxc2 23. Rh3 Rxd2 24. Nxh6+ gxh6 25. Qxh6 $18) 19. hxg5 Nf8 20. g3 Qd8 21.
f4 R6c7 22. Kg2 Nc6 23. Bc3 {Nun sind Damenflügel und Zentrum geschlossen, so
dass sich Weiß auf den Königsangriff konzentrieren kann.} Ne7 24. Rh1 Neg6 25.
Qh5 Qe7 26. Kf2 ({Es war auch möglich, direkt mit} 26. f5 {fortzusetzen, z.B.}
exf5 27. Nxf5 Qd7 28. Nd6 Ra8 29. Bf5 {Es ist allerdings nicht klar, ob dieser
Angriff durchschlägt. Daher wartet Rasik zunächst ab.}) 26... Rxc3 $6 ({Nach} 
26... Qxa3 $6 {verfügt Weiß über} 27. bxa3 Rxc3 28. f5 exf5 29. Bxf5 Rd8 30. e6
fxe6 31. Bxg6 Nxg6 (31... hxg6 $6 32. Qh8+ Kf7 33. Rh7 Ke8 34. Rxg7 $18) 32.
Qxh7+ Kf7 33. Ng4 Rc2+ 34. Ke1 Rc1+ 35. Kd2 Rxh1 36. Qxh1 $16) ({Vielleicht
hätte sich Schwarz zeigen lassen sollen, wie Weiß nach} 26... Rd8 {fortgesetzt
hätte.} 27. Ng4 $2 {ist beispielsweise wegen} Rxc3 (27... Rc6 $2 28. Nf6+ gxf6
29. gxf6 Qxa3 30. Qh6 $18) 28. Rxc3 Qb4 29. Rd1 Qxb2+ 30. Rc2 Qb4 {nicht klar.}
) 27. Rxc3 Qb4 28. Qd1 $1 (28. Rxc8 $4 Qd2+ 29. Kg1 Qxe3+ $19) 28... Qxb2+ 29.
Rc2 Rxc2+ 30. Bxc2 Ne7 $6 31. Qd2 Nc6 $4 ({Nach} 31... Qa3 {ist eine mögliche
Folge} 32. Rb1 Nc8 33. f5 exf5 34. Qc1 Qxc1 35. Rxc1 Ne7 36. Nxf5 $18) 32.
Bxh7+ 1-0

[Event "Mitropa Cup 21st"]
[Site "Leipzig"]
[Date "2002.05.06"]
[Round "4.1"]
[White "Lutz, Christopher"]
[Black "Pira, Davoud"]
[Result "1-0"]
[WhiteElo "2644"]
[BlackElo "2434"]
[Annotator "Postny,E"]
[PlyCount "93"]
[EventDate "2002.05.03"]
[EventType "team-tourn"]
[EventRounds "9"]
[EventCountry "GER"]
[Source "ChessBase"]
[SourceDate "2002.08.12"]
[WhiteTeam "Germany"]
[BlackTeam "France"]
[WhiteTeamCountry "GER"]
[BlackTeamCountry "FRA"]

1. e4 c5 2. Nf3 Nc6 3. Bb5 e6 4. O-O Nge7 5. c3 d5 {The most popular line here
starts with 5...a6.} 6. exd5 Qxd5 7. d4 ({Theory considers} 7. Re1 {as the
strongest move for white - see the commented games: Sutovsky,E-Tsesarsky,I/
ISR-chT 2001/CBM 82 [Tsesarsky] , Rublevsky,S-Shabalov,A/Elista ol 1998/CBM 66
[Smirin] and Kasparov,G-Salov,V/Euwe mem Amsterdam 1991/CBM 23 [Salov]}) 7...
cxd4 8. c4 Qd6 9. Nxd4 Bd7 10. Nf3 (10. Nxc6 Qxd1 (10... Nxc6 11. Nc3 a6 12.
Ba4 Qc7 13. Be3 Bd6 14. g3 O-O $11 {0-1 Malisauskas,V-Sveshnikov,E/Vilnius
1997/EXT 98 (53)}) 11. Rxd1 Bxc6 12. Nc3 Rc8 13. b3 a6 14. Bxc6+ Nxc6 15. Be3
Ba3 16. Ne4 Ke7 $11 {0-1 Matsuura,E-Sorokin,M/Sao Paulo 1997/CBM 60 ext (45)})
10... Nf5 11. Nc3 a6 $146 (11... Be7 12. Ne4 Qc7 13. Ng3 Nxg3 14. hxg3 Rd8 15.
Qe2 O-O 16. Bf4 Qb6 $11 {1/2-1/2 Khamatgaleev,A-Kulikov,O/Podolsk 1993/EXT 98 
(26)}) 12. Ba4 Rd8 13. Ne4 Qxd1 (13... Qc7 $5) 14. Rxd1 Ncd4 $6 {This
exchanging operation is risky for black.} ({Black should better complete the
development by} 14... Be7 {The position is not far from the equality, for
example:} 15. g4 (15. Bf4 $142) 15... Nfd4 16. Nxd4 Nxd4 17. Bxd7+ Rxd7 18. Be3
e5 $11) 15. Bxd7+ Rxd7 16. Nxd4 Rxd4 $2 {It's not favourable for black to
exchange his developed pieces, without completing the whole development.} (
16... Nxd4 17. Be3 e5 18. Bxd4 exd4 19. Rd3 b6 20. Rad1 Bc5 21. a3 a5 22. Nxc5
bxc5 23. Rb3 Ke7 24. Rb5 Rc8 25. Rxa5 Rb7 $14) 17. Rxd4 Nxd4 18. Be3 $1 Nc2 (
18... Nf5 19. Rd1 Be7 20. Bb6 $16) (18... e5 19. Bxd4 exd4 20. Rd1 {[%csl Rd4]}
) 19. Rd1 Nxe3 20. fxe3 {Probably black has underestimated the difficulties of
this endgame. The following Nd6+ is inevitable and the forthcoming RR endgame
is very tough for black...} f5 {This move creates another weakness in black's
camp, but there was no choice. If black waits, white has simple plan - to
advance his pawn majority on the queenside.} (20... f6 21. c5 Be7 22. Nd6+ Bxd6
23. Rxd6 Ke7 24. Rb6 $18) 21. Nd6+ Bxd6 22. Rxd6 Ke7 23. Rb6 Rc8 $6 {Black
decided to go for the active counterplay, but as the continuation of the game
shows, without success.} ({The passive defense} 23... Rb8 {should have been
prefered here, however white retains good winning chances anyway:} 24. c5 {
[%cal Gc5c6]} Kd7 25. Kf2 ({The pawn endgame after} 25. c6+ $2 Kc7 26. Rxb7+
Rxb7 27. cxb7 Kxb7 {seems to be drawish.}) 25... e5 26. e4 f4 (26... fxe4 27.
Ke3 Kc7 28. Re6) 27. Kf3 Kc7 28. Re6 Rd8 29. Rxe5 Rd2 30. b4 Rxa2 31. Re7+ Kc6
32. Rxg7 Rb2) (23... Rd8 $6 {- is similar to 23...Rc8.}) 24. Rxb7+ Kf6 25. b3
Rd8 26. h4 $1 $18 {Preparing the safe place for the K. White's R and PP on the
queenside will do the job without king's support.} Rd1+ 27. Kh2 Rd2 28. a4 (28.
a3 {is no improvement for white} Ra2 29. a4 a5) 28... a5 $1 29. Kg3 Rb2 30. Kf3
g6 (30... h6 31. h5 $1) 31. c5 h6 32. c6 Rc2 33. c7 g5 (33... Ke5 34. Ra7 Kd6
35. Rxa5 {is also hopeless for black.}) 34. hxg5+ hxg5 35. b4 g4+ 36. Kg3 Kg5 (
36... axb4 37. a5 b3 38. a6 b2 39. a7 Rxc7 40. a8=Q $18) 37. bxa5 e5 38. Rb5 ({
Careless} 38. a6 $2 {could spoil white's win} f4+ 39. exf4+ exf4+ 40. Kh2 Kh4 {
[%csl Rh2]}) 38... Rxc7 39. a6 Ra7 (39... Kf6 40. Ra5 Ra7 41. e4 $1 $18) 40.
Rxe5 Rxa6 41. e4 Rxa4 42. Rxf5+ Kh6 43. Rf4 Kh5 ({More stubborn is} 43... Kg6 {
According to theory this kind of endgame still requires good technic from
white.}) 44. Rxg4 Rb4 45. Kf3 Rb8 46. Rg7 Kh6 47. Rg3 1-0

[Event "Mitropa Cup 21st"]
[Site "Leipzig"]
[Date "2002.05.06"]
[Round "4.3"]
[White "Doettling, Fabian"]
[Black "Dunis, Aurelien"]
[Result "1-0"]
[WhiteElo "2540"]
[BlackElo "2405"]
[PlyCount "67"]
[EventDate "2002.05.03"]
[EventType "team-tourn"]
[EventRounds "9"]
[EventCountry "GER"]
[Source "ChessBase"]
[SourceDate "2002.08.12"]
[WhiteTeam "Germany"]
[BlackTeam "France"]
[WhiteTeamCountry "GER"]
[BlackTeamCountry "FRA"]

1. d4 e6 2. c4 Nf6 3. Nf3 d5 4. Nc3 Nbd7 5. Bf4 Bb4 6. cxd5 exd5 7. a3 Bxc3+ 8.
bxc3 c5 9. Qb3 O-O 10. Nd2 Re8 11. e3 Nh5 12. Bg3 c4 13. Qb1 Nxg3 14. hxg3 Nf6
15. Be2 Rb8 16. O-O g6 17. a4 Qa5 18. Rc1 Bf5 19. Qb5 Qc7 20. Bd1 Re7 21. Bc2
Bxc2 22. Rxc2 Rd8 23. Qb1 Ne4 24. Nxe4 Rxe4 25. Rb2 Rd7 26. Rb5 Re6 27. a5 a6
28. Rc5 Rc6 29. Rxc6 Qxc6 30. Qb4 Kg7 31. Rb1 Qe6 32. Qa4 Qf5 33. Rb6 Qd3 34.
Qxd7 1-0

[Event "Mitropa Cup 21st"]
[Site "Leipzig"]
[Date "2002.05.06"]
[Round "4.1"]
[White "Ruck, Robert"]
[Black "Markos, Jan"]
[Result "1/2-1/2"]
[WhiteElo "2569"]
[BlackElo "2467"]
[PlyCount "63"]
[EventDate "2002.05.03"]
[EventType "team-tourn"]
[EventRounds "9"]
[EventCountry "GER"]
[Source "ChessBase"]
[SourceDate "2002.08.12"]
[WhiteTeam "Hungary"]
[BlackTeam "Slovakia"]
[WhiteTeamCountry "HUN"]
[BlackTeamCountry "SVK"]

1. Nf3 Nf6 2. c4 e6 3. g3 a6 4. Bg2 b5 5. d3 c5 6. O-O Bb7 7. Nc3 b4 8. Na4 Be7
9. d4 cxd4 10. Qxd4 d5 11. cxd5 Bxd5 12. Nb6 Nc6 13. Qe3 Ng4 14. Qf4 Qxb6 15.
Qxg4 Bf6 16. Rd1 Rd8 17. Be3 Qb7 18. Bg5 Bxg5 19. Qxg5 O-O 20. Rd2 Be4 21. Rad1
h6 22. Qf4 Rxd2 23. Rxd2 Bd5 24. h3 Ne7 25. Rc2 Rc8 26. Rxc8+ Nxc8 27. Ne1 Bxg2
28. Nxg2 Ne7 29. Ne3 Qb5 30. Qd6 Nf5 31. Qd8+ Kh7 32. Nxf5 1/2-1/2

[Event "Mitropa Cup 21st"]
[Site "Leipzig"]
[Date "2002.05.06"]
[Round "4.3"]
[White "Horvath, Adam"]
[Black "Priehoda, Vitezslav"]
[Result "0-1"]
[WhiteElo "2464"]
[BlackElo "2425"]
[PlyCount "80"]
[EventDate "2002.05.03"]
[EventType "team-tourn"]
[EventRounds "9"]
[EventCountry "GER"]
[Source "ChessBase"]
[SourceDate "2002.08.12"]
[WhiteTeam "Hungary"]
[BlackTeam "Slovakia"]
[WhiteTeamCountry "HUN"]
[BlackTeamCountry "SVK"]

1. e4 e6 2. d4 d5 3. Nc3 Bb4 4. e5 Ne7 5. a3 Bxc3+ 6. bxc3 c5 7. h4 Qc7 8. Nf3
h6 9. h5 Bd7 10. a4 Nbc6 11. Bd2 Na5 12. Be2 cxd4 13. cxd4 Nc4 14. O-O Nxd2 15.
Qxd2 Rc8 16. Rfb1 O-O 17. Qb4 Bc6 18. Bd3 Qd8 19. Nd2 Rc7 20. a5 Be8 21. Nb3
Nc6 22. Qd6 Qc8 23. Bh7+ Kxh7 24. Qxf8 b6 25. axb6 axb6 26. Ra3 Nb8 27. Ra8
Rxc2 28. Nc5 Qd8 29. Qd6 Qh4 30. Nd3 Nc6 31. Rxe8 Nxd4 32. Re1 Nf3+ 33. gxf3
Qg5+ 34. Kf1 Qxh5 35. Kg2 Qg6+ 36. Kf1 Qxd3+ 37. Kg2 Qd2 38. Rf1 Qg5+ 39. Kh2
Rc4 40. Qe7 Rh4# 0-1

[Event "Mitropa Cup 21st"]
[Site "Leipzig"]
[Date "2002.05.06"]
[Round "4.4"]
[White "Manik, Mikulas"]
[Black "Czebe, Attila"]
[Result "1/2-1/2"]
[WhiteElo "2410"]
[BlackElo "2462"]
[PlyCount "51"]
[EventDate "2002.05.03"]
[EventType "team-tourn"]
[EventRounds "9"]
[EventCountry "GER"]
[Source "ChessBase"]
[SourceDate "2002.08.12"]
[WhiteTeam "Slovakia"]
[BlackTeam "Hungary"]
[WhiteTeamCountry "SVK"]
[BlackTeamCountry "HUN"]

1. e4 c5 2. Nf3 Nc6 3. Bb5 e6 4. Bxc6 bxc6 5. d3 Ne7 6. O-O Ng6 7. Ng5 h6 8.
Nh3 d5 9. f4 dxe4 10. dxe4 Qd4+ 11. Nf2 Ba6 12. c3 Qc4 13. Nd2 Qb5 14. c4 Qb7
15. f5 Ne5 16. Ng4 Qc7 17. fxe6 fxe6 18. Nxe5 Qxe5 19. Nf3 Qxe4 20. Re1 Qxc4
21. b3 Qg4 22. h3 Qf5 23. Re5 Qf7 24. Qe1 O-O-O 25. Ba3 Bd6 26. Bxc5 1/2-1/2

[Event "Mitropa Cup 21st"]
[Site "Leipzig"]
[Date "2002.05.07"]
[Round "5.2"]
[White "Groetz, Harald"]
[Black "Plachetka, Jan"]
[Result "0-1"]
[WhiteElo "2353"]
[BlackElo "2441"]
[PlyCount "78"]
[EventDate "2002.05.03"]
[EventType "team-tourn"]
[EventRounds "9"]
[EventCountry "GER"]
[Source "ChessBase"]
[SourceDate "2002.08.12"]
[WhiteTeam "Austria"]
[BlackTeam "Slovakia"]
[WhiteTeamCountry "AUT"]
[BlackTeamCountry "SVK"]

1. e4 c5 2. Nf3 Nc6 3. d4 cxd4 4. Nxd4 g6 5. c4 Bg7 6. Be3 Nf6 7. Nc3 O-O 8.
Be2 d6 9. O-O Bd7 10. f3 Nxd4 11. Bxd4 Bc6 12. Qd2 Nd7 13. Be3 a5 14. b3 Nc5
15. Rab1 Qb6 16. Rfd1 Qb4 17. Rdc1 Rfc8 18. Nd5 Qxd2 19. Bxd2 Bxd5 20. cxd5 a4
21. b4 Nb3 22. Rxc8+ Rxc8 23. Be3 Rc2 24. Bd1 Rxa2 25. Bxb3 axb3 26. Rxb3 b5
27. h4 h5 28. Kh2 Be5+ 29. f4 Bf6 30. Kh3 Bb2 31. Kg3 f5 32. Kf3 Kf7 33. g3 Bf6
34. Bb6 Rc2 35. Re3 fxe4+ 36. Rxe4 Rd2 37. Re2 Rxd5 38. Ra2 Rd3+ 39. Kg2 Rb3
0-1

[Event "Mitropa Cup 21st"]
[Site "Leipzig"]
[Date "2002.05.07"]
[Round "5.3"]
[White "Priehoda, Vitezslav"]
[Black "Kuba, Guenter"]
[Result "1/2-1/2"]
[WhiteElo "2425"]
[BlackElo "2317"]
[PlyCount "85"]
[EventDate "2002.05.03"]
[EventType "team-tourn"]
[EventRounds "9"]
[EventCountry "GER"]
[Source "ChessBase"]
[SourceDate "2002.08.12"]
[WhiteTeam "Slovakia"]
[BlackTeam "Austria"]
[WhiteTeamCountry "SVK"]
[BlackTeamCountry "AUT"]

1. d4 d5 2. c4 e6 3. Nc3 Nf6 4. cxd5 exd5 5. Bg5 Be7 6. e3 c6 7. Bd3 Nbd7 8.
Qc2 Nh5 9. Bxe7 Qxe7 10. Nge2 g6 11. g4 Ng7 12. O-O-O Nb6 13. Rdg1 Bd7 14. h4
h5 15. g5 Bf5 16. Ng3 Bxd3 17. Qxd3 O-O-O 18. Kb1 Rhe8 19. Qc2 Kb8 20. Nce2 Nc4
21. Nf4 Nd6 22. Nd3 Ngf5 23. Ne2 Rc8 24. Nef4 Nc4 25. Re1 Qe4 26. Qd1 Qe7 27.
b3 Na3+ 28. Kb2 Nb5 29. Qd2 Qa3+ 30. Ka1 b6 31. Rc1 Qe7 32. Ne5 Kb7 33. Qd3 a6
34. Nxh5 Nfxd4 35. exd4 gxh5 36. Rhe1 Qb4 37. Nf3 Rxe1 38. Rxe1 c5 39. Re7+ Ka8
40. dxc5 Rxc5 41. Re8+ Ka7 42. Re7+ Ka8 43. Re8+ 1/2-1/2